Hospodárska spolupráca Európskej únie a Ruskej federácie diplomová práca

Gespeichert in:
Bibliographische Detailangaben
1. Verfasser: Polomská, Martina
Körperschaft: Obchodná fakulta EU. Katedra medzinárodného obchodu
Weitere Verfasser: Kašťáková, Elena, 1974-
Format: Buch
Sprache:Slowakisch
Veröffentlicht: Bratislava 2009
Tags: Tag hinzufügen
Keine Tags, Fügen Sie das erste Tag hinzu!

MARC

LEADER 00000nam$a2200000$$$4500
001 0101022
005 20240318133643.6
041 0 |a slo 
044 |a SK 
245 1 0 |a Hospodárska spolupráca Európskej únie a Ruskej federácie  |b diplomová práca  |c Martina Polomská ; škol. Elena Kašťáková 
264 1 |a Bratislava  |c 2009 
300 |a 105 s. 
100 1 |a Polomská, Martina 
700 1 |a Kašťáková, Elena, 1974- 
710 2 |a Obchodná fakulta EU. Katedra medzinárodného obchodu